| 000 | 01416nam a2200313 a 4500 | ||
|---|---|---|---|
| 001 | CIA01000000000000000087011 | ||
| 003 | UIAP | ||
| 005 | 20250905115739.0 | ||
| 006 | a gr #000 0# | ||
| 007 | ta | ||
| 008 | 991125s2010 mx ####gr#####000 0#spa#u | ||
| 020 | _a9786077519942 | ||
| 040 |
_aUIAP _bspa _cUIAP _dUIAP _eRCAA2r y RDA |
||
| 041 | _hspa | ||
| 050 | 4 |
_aPQ 7298.28 _b.I9 E8873 2010 |
|
| 100 | 1 |
_aEstrada, Oswaldo, _cautor. |
|
| 245 | 1 | 0 |
_aCristina Rivera Garza : _bningún crítico cuenta esto... / _cOswaldo Estrada, editor. |
| 260 |
_aMéxico : _bEdiciones EÓN, _c©2010 |
||
| 300 |
_a399 páginas ; _c21 cm. |
||
| 490 | _aColección Ensayo | ||
| 504 | _aIncluye referencias bibliográficas al final de cada capítulo. | ||
| 505 | _aI. Presentación. -- II. Introducción. -- III. Estudios. -- IV. Coda. | ||
| 505 | 1 | _aCheyla Samuelson. -- Claudia Parodi. -- Sara Poot-Herrera. -- Brian L. Price. -- Vinodh Venkatesh. -- Ute Seydel. -- Juan Bruce-Novoa. -- Oswaldo Zavala. -- Mario Martín-Flores. -- Encarnación Cruz Jiménez. -- Ignacio M. Sánchez Prado. -- Carlos Abreu Mendoza. -- Emily Hind. -- Jorge Ruffinelli. -- Irma Cantú. -- You-Jeong Choi. | |
| 541 | _aBibliografía complementaria, donación, 22-04-2025. | ||
| 650 | 4 |
_2LEMB _aEnsayos _ySiglo XX |
|
| 650 | 4 |
_2LEMB _aLiteratura mexicana _ySiglo XX |
|
| 650 | 4 |
_2LEMB _aLiteratura moderna _ySiglo XX |
|
| 942 |
_c01 _n0 |
||
| 999 |
_c174043 _d174043 |
||